Constitutional law: an outline of the law and practice of the constitution including central and local government, and the constitutional relations of the British Commonwealth (Record no. 423417)

000 -LEADER
fixed length control field 00572cam a22001457a 4500
008 - FIXED-LENGTH DATA ELEMENTS--GENERAL INFORMATION
fixed length control field 180718b1960 xxu||||| |||| 00| 0 eng d
082 ## - DEWEY DECIMAL CLASSIFICATION NUMBER
Classification number C4x42 W119/60
100 ## - MAIN ENTRY--PERSONAL NAME
Personal name Wade, E.C.S.
245 ## - TITLE STATEMENT
Title Constitutional law: an outline of the law and practice of the constitution including central and local government, and the constitutional relations of the British Commonwealth
Statement of responsibility, etc. by E.C.S. Wade and G. Godfrey Phillips
250 ## - EDITION STATEMENT
Edition statement 6th ed.
260 ## - PUBLICATION, DISTRIBUTION, ETC.
Place of publication, distribution, etc. London
Name of publisher, distributor, etc. Longmans
Date of publication, distribution, etc. 1960
300 ## - PHYSICAL DESCRIPTION
Extent 725P
650 ## - SUBJECT ADDED ENTRY--TOPICAL TERM
Topical term or geographic name entry element Constitutional law --Great Britain
700 ## - ADDED ENTRY--PERSONAL NAME
Personal name Phillips, G. Godfrey
Holdings
Withdrawn status Lost status Damaged status Not for loan Permanent Location Current Location Date acquired Full call number Barcode Date last seen Price effective from Koha item type
        Indian Institute of Public Administration Indian Institute of Public Administration 2009-09-02 C4x42 W119/60 23975 2018-07-21 2018-07-21 Book

Powered by Koha